000
00197 a2200097 4500
020
_a
9780307950284
041
_a
spa
100
_a
isaacson,Walter
245
_a
Steve Jobs la biografia
942
_c
BK
999
_c
11002
_d
11002